000 00592nam a22002417a 4500
001 324
003 FISKH
005 20230321131838.0
008 230321b cb ||||| |||| 00| 0 eng d
020 _a9781409392224
040 _aFISKH
_beng
_cFISKH
_dFISKH
050 _aPZ7
082 _a823.92
100 _aBehrent, Sue
245 _aC.L.O.N.C. strikes back
_bMusic Island Missions
260 _aLondon
_bPuffin
_c2013
300 _a141 p.
_c20 cm.
490 _aMusic Island Missions
_vv. 2
505 _aK
521 8 _a600
_bLexile
521 8 _aK
_bRaz-Plus
942 _2ddc
_cBK
_n0
999 _c324
_d324